| 000 | 00489nam a2200181Ia 4500 | ||
|---|---|---|---|
| 003 | GCL | ||
| 008 | 140319s9999 xx 000 0 ara d | ||
| 040 |
_aGCL / _cGCL |
||
| 082 | 0 | 4 |
_aط _b813.02 _bا ح |
| 100 | 1 | _aالهام سعودى | |
| 245 | 1 | 0 |
_aالحمار الغيران / _cالهام سعودى |
| 260 |
_a[S.N] : _bالمكتبة الصغيرة |
||
| 300 | _aمتعددة | ||
| 490 | _a | ||
| 650 | 0 | 4 | _aالاطفال |
| 650 | 0 | 4 | _aقصص الاطفال |
| 942 |
_2ddc _cBK |
||
| 999 |
_c36742 _d36742 |
||